[Event "Madrid ch Final 2019"]
[Site "Madrid ESP"]
[Date "2019.05.27"]
[Round "3.11"]
[White "Martinez Aragon, Aitor"]
[Black "Perez Gonzalez, Jose Manuel"]
[Result "0-1"]
[WhiteElo "2038"]
[BlackElo "2228"]
[PlyCount "110"]
[EventDate "2019.05.25"]
[EventType "swiss"]
[EventRounds "7"]
[EventCountry "ESP"]
[SourceTitle "Ajedrez en Madrid"]
[Source "lmi"]
[SourceDate "2019.05.25"]
[SourceVersion "1"]
[SourceVersionDate "2019.06.03"]
[SourceQuality "1"]

1. e4 d6 2. d4 Nf6 3. Nc3 g6 4. Bg5 c6 5. f4 Nbd7 6. Qd2 d5 7. Bxf6 Nxf6 8. e5
Nh5 9. Be2 Ng7 10. Nf3 h5 11. Nd1 Bg4 12. Ne3 Bxf3 13. Bxf3 e6 14. O-O-O Be7
15. Kb1 Rc8 16. g3 c5 17. c3 c4 18. h3 Qa5 19. g4 Rc6 20. Nc2 b5 21. Nb4 Rc8
22. Rdf1 Qd8 23. a3 a5 24. Na2 Qb6 25. Bd1 Rb8 26. Kc1 Kd7 27. Bc2 b4 28. cxb4
axb4 29. Nxb4 Bxb4 30. axb4 Qxb4 31. Qc3 Qxc3 32. bxc3 Ra8 33. Kd2 hxg4 34.
hxg4 Ke7 35. Rb1 Rxh1 36. Rxh1 Ne8 37. f5 gxf5 38. gxf5 exf5 39. Bxf5 Ng7 40.
Bc2 Ne6 41. Rb1 Ra2 42. Rb7+ Kf8 43. Rb5 Nf4 44. Ke3 Ng2+ 45. Kd2 Ke7 46. Rxd5
Rxc2+ 47. Kxc2 Ne3+ 48. Kb2 Nxd5 49. Ka3 Kd7 50. Ka4 Kc6 51. Ka5 Nxc3 52. Kb4
Nd5+ 53. Kxc4 Nc7 54. Kd3 Kd5 55. Ke3 Ne6 0-1

[Event "Madrid ch Final 2019"]
[Site "Madrid ESP"]
[Date "2019.05.27"]
[Round "3.12"]
[White "Estevez Sacristan, Deva"]
[Black "Nuñez Reiz, Antonio"]
[Result "1/2-1/2"]
[WhiteElo "1999"]
[BlackElo "2083"]
[PlyCount "108"]
[EventDate "2019.05.25"]
[EventType "swiss"]
[EventRounds "7"]
[EventCountry "ESP"]
[SourceTitle "Ajedrez en Madrid"]
[Source "lmi"]
[SourceDate "2019.05.25"]
[SourceVersion "1"]
[SourceVersionDate "2019.06.03"]
[SourceQuality "1"]

1. e4 d5 2. exd5 Qxd5 3. Nf3 Bg4 4. Be2 Nc6 5. d4 e5 6. c4 Qa5+ 7. Bd2 Bb4 8.
d5 Bxf3 9. Bxf3 Nd4 10. Nc3 Qa6 11. Be2 Nxe2 12. Qxe2 Ne7 13. O-O O-O 14. Rfe1
Ng6 15. a3 Bxc3 16. Bxc3 f6 17. b4 Rfd8 18. a4 Qd6 19. Red1 Qd7 20. g3 Qh3 21.
Rd3 Rd7 22. Rad1 Re8 23. Qe3 e4 24. f4 Rde7 25. R3d2 Nh4 26. Re2 Nf3+ 27. Kh1
h5 28. c5 h4 29. gxh4 Qxh4 30. Rg2 Kf7 31. Be1 Qh5 32. Qb3 Rh8 33. Bg3 Kf8 34.
d6 cxd6 35. cxd6 Rd7 36. Qc2 Qe8 37. Re2 f5 38. Qc5 Rh5 39. Rf1 Qd8 40. Rd1 Kg8
41. Rxe4 Nxh2 42. Bxh2 Rxh2+ 43. Kxh2 Qh4+ 44. Kg2 Qg4+ 45. Kf2 fxe4 46. Qc8+
Kf7 47. Qc4+ Qe6 48. Qxe6+ Kxe6 49. Ke3 Rxd6 50. f5+ Ke5 51. Rxd6 Kxd6 52. Kxe4
Ke7 53. Ke5 Kf7 54. Ke4 Kf6 1/2-1/2

[Event "Madrid ch Final 2019"]
[Site "Madrid ESP"]
[Date "2019.05.27"]
[Round "3.13"]
[White "Robles Diaz, Jose Alberto"]
[Black "Cabañas Bravo, Juan Andres"]
[Result "1/2-1/2"]
[WhiteElo "2044"]
[BlackElo "2010"]
[PlyCount "80"]
[EventDate "2019.05.25"]
[EventType "swiss"]
[EventRounds "7"]
[EventCountry "ESP"]
[SourceTitle "Ajedrez en Madrid"]
[Source "lmi"]
[SourceDate "2019.05.25"]
[SourceVersion "1"]
[SourceVersionDate "2019.06.03"]
[SourceQuality "1"]

1. Nf3 Nf6 2. g3 g6 3. Bg2 Bg7 4. O-O O-O 5. c4 d5 6. d4 dxc4 7. Qa4 Nd5 8.
Qxc4 Nb6 9. Qb3 Nc6 10. Nc3 Nxd4 11. Nxd4 Qxd4 12. Be3 Qg4 13. Bf3 Qf5 14. Qb4
e6 15. Rfd1 a5 16. Qb5 Bxc3 17. Qxf5 exf5 18. bxc3 Na4 19. Rd4 Nxc3 20. Rc4 Nb5
21. a4 Be6 22. Rcc1 Nd6 23. Rxc7 Rac8 24. Rac1 Rxc7 25. Rxc7 Rc8 26. Bb6 Rxc7
27. Bxc7 Ne4 28. Bxa5 Bd7 29. g4 Bxa4 30. gxf5 gxf5 31. Bb4 Kg7 32. Bh5 Bb3 33.
f3 Ng5 34. Bd2 Ne6 35. Bc3+ Kf8 36. e3 Nc5 37. Bb4 b6 38. Kg2 Kg7 39. Kg3 Ne6
40. Bc3+ Kg8 1/2-1/2

[Event "Madrid ch Final 2019"]
[Site "Madrid ESP"]
[Date "2019.05.27"]
[Round "3.14"]
[White "Gueler Berdasco, Martin"]
[Black "Iagar, Razvan-Gabriel"]
[Result "0-1"]
[WhiteElo "1917"]
[BlackElo "2104"]
[PlyCount "108"]
[EventDate "2019.05.25"]
[EventType "swiss"]
[EventRounds "7"]
[EventCountry "ESP"]
[SourceTitle "Ajedrez en Madrid"]
[Source "lmi"]
[SourceDate "2019.05.25"]
[SourceVersion "1"]
[SourceVersionDate "2019.06.03"]
[SourceQuality "1"]

1. c4 Nf6 2. g3 c6 3. Bg2 d5 4. b3 Bf5 5. Nf3 h6 6. O-O e6 7. d4 Nbd7 8. h3 Be7
9. Ba3 O-O 10. Bxe7 Qxe7 11. Ne5 Nxe5 12. dxe5 Nd7 13. f4 Rfd8 14. Nd2 Bh7 15.
cxd5 exd5 16. e4 dxe4 17. Qe2 Nc5 18. Nxe4 Nxe4 19. Bxe4 Bxe4 20. Qxe4 Qc5+ 21.
Kh1 Qc3 22. e6 fxe6 23. Rac1 Qxg3 24. Rf3 Qh4 25. Qxe6+ Kh8 26. Rg1 Re8 27. Qg4
Qxg4 28. hxg4 Re2 29. Rg2 Rae8 30. Rff2 Rxf2 31. Rxf2 Kg8 32. Kg2 Kf7 33. Kf3
Rd8 34. Ke4 Kf6 35. Rc2 Rd1 36. b4 Re1+ 37. Kf3 Rb1 38. Rc4 Ke6 39. Re4+ Kf6
40. f5 Rd1 41. a4 Rd5 42. Re6+ Kf7 43. Re4 h5 44. Kf4 hxg4 45. Kxg4 b6 46. Rc4
c5 47. bxc5 bxc5 48. Kg5 g6 49. Rf4 gxf5 50. Rxf5+ Ke6 51. Rxd5 Kxd5 52. Kf4
Kd4 53. Kf3 Kd3 54. Kf2 Kd2 0-1

[Event "Madrid ch Final 2019"]
[Site "Madrid ESP"]
[Date "2019.05.27"]
[Round "3.15"]
[White "Pindado Campos, Raul"]
[Black "Lorenzo Bailador, Alfredo"]
[Result "1-0"]
[WhiteElo "2089"]
[BlackElo "2003"]
[PlyCount "41"]
[EventDate "2019.05.25"]
[EventType "swiss"]
[EventRounds "7"]
[EventCountry "ESP"]
[SourceTitle "Ajedrez en Madrid"]
[Source "lmi"]
[SourceDate "2019.05.25"]
[SourceVersion "1"]
[SourceVersionDate "2019.06.03"]
[SourceQuality "1"]

1. d4 d5 2. c4 e6 3. Nf3 Nf6 4. g3 Be7 5. Bg2 O-O 6. O-O dxc4 7. Qc2 a6 8. a4
c5 9. dxc5 Qc7 10. Nbd2 Qxc5 11. Qxc4 Nc6 12. b3 Qh5 13. Bb2 e5 14. Rac1 Be6
15. Qh4 Qxh4 16. Nxh4 Nd7 17. Rfd1 Nc5 18. Bxc6 Nxb3 19. Nxb3 Bxb3 20. Rd3 Be6
21. Bd5 1-0

[Event "Madrid ch Final 2019"]
[Site "Madrid ESP"]
[Date "2019.05.28"]
[Round "4.1"]
[White "Espinosa Aranda, Angel"]
[Black "Moreno Ruiz, Javier"]
[Result "1-0"]
[WhiteElo "2483"]
[BlackElo "2471"]
[PlyCount "107"]
[EventDate "2019.05.25"]
[EventType "swiss"]
[EventRounds "7"]
[EventCountry "ESP"]
[SourceTitle "Ajedrez en Madrid"]
[Source "lmi"]
[SourceDate "2019.05.25"]
[SourceVersion "1"]
[SourceVersionDate "2019.06.03"]
[SourceQuality "1"]

1. e4 Nf6 2. e5 Nd5 3. d4 d6 4. Nf3 g6 5. Bc4 Nb6 6. Bb3 Bg7 7. Qe2 O-O 8. h3
dxe5 9. dxe5 c5 10. O-O c4 11. Bxc4 Nxc4 12. Qxc4 Nc6 13. Nc3 Nxe5 14. Nxe5
Bxe5 15. Bh6 Re8 16. Rad1 Be6 17. Nd5 Rc8 18. Qb5 Bxd5 19. Rxd5 Bd6 20. c3 Qc7
21. Rfd1 a6 22. Qd3 b5 23. Qd4 e5 24. Qh4 Bf8 25. Bxf8 Rxf8 26. Qf6 Qa5 27. a3
e4 28. h4 Rce8 29. h5 Re6 30. Qd4 gxh5 31. Rxh5 Qa4 32. Rg5+ Rg6 33. Qxa4 bxa4
34. Rxg6+ hxg6 35. Rd4 Rb8 36. Rxe4 Rxb2 37. Rxa4 Rc2 38. c4 a5 39. g3 Kf8 40.
Kg2 Rc3 41. g4 g5 42. f3 Rc2+ 43. Kg3 f6 44. Rxa5 Rxc4 45. Kf2 Rc3 46. Ra7 Ke8
47. a4 Ra3 48. a5 Kd8 49. a6 Kc8 50. Ra8+ Kc7 51. a7 Kb7 52. Rf8 Kxa7 53. Rxf6
Ra5 54. Rf5 1-0

[Event "Madrid ch Final 2019"]
[Site "Madrid ESP"]
[Date "2019.05.28"]
[Round "4.2"]
[White "Yañez Rodriguez, Wilbert"]
[Black "Martin Duque, Jesus"]
[Result "1/2-1/2"]
[WhiteElo "2217"]
[BlackElo "2372"]
[PlyCount "90"]
[EventDate "2019.05.25"]
[EventType "swiss"]
[EventRounds "7"]
[EventCountry "ESP"]
[SourceTitle "Ajedrez en Madrid"]
[Source "lmi"]
[SourceDate "2019.05.25"]
[SourceVersion "1"]
[SourceVersionDate "2019.06.03"]
[SourceQuality "1"]

1. c4 e6 2. Nf3 d5 3. g3 Nf6 4. Bg2 d4 5. O-O c5 6. d3 Nc6 7. e3 Bd6 8. exd4
cxd4 9. Na3 e5 10. Nc2 a5 11. Re1 O-O 12. Rb1 h6 13. b3 Re8 14. a3 Rb8 15. b4
axb4 16. Nxb4 Nxb4 17. axb4 b5 18. c5 Bc7 19. Bb2 Bb7 20. Ra1 Ra8 21. Qc2 Bc6
22. Qb3 Bd5 23. Qc2 Qc8 24. Nd2 Bxg2 25. Kxg2 Nd5 26. Qb3 Qb7 27. Kg1 Rxa1 28.
Rxa1 Ra8 29. Rxa8+ Qxa8 30. Nb1 Qc6 31. Bc1 Nf6 32. Qd1 Kf8 33. Na3 Nd5 34. Bd2
Ne7 35. f3 Nd5 36. Kf2 f5 37. Qb3 Nf6 38. Nc2 g5 39. Ne1 Kg7 40. Ke2 Kg6 41. h3
h5 42. Kd1 g4 43. hxg4 hxg4 44. fxg4 fxg4 45. Kc1 Kg7 1/2-1/2

[Event "Madrid ch Final 2019"]
[Site "Madrid ESP"]
[Date "2019.05.28"]
[Round "4.3"]
[White "Almagro Llamas, Pablo"]
[Black "Martinez Fernandez, Raul"]
[Result "1-0"]
[WhiteElo "2458"]
[BlackElo "2202"]
[PlyCount "189"]
[EventDate "2019.05.25"]
[EventType "swiss"]
[EventRounds "7"]
[EventCountry "ESP"]
[SourceTitle "Ajedrez en Madrid"]
[Source "lmi"]
[SourceDate "2019.05.25"]
[SourceVersion "1"]
[SourceVersionDate "2019.06.03"]
[SourceQuality "1"]

1. c4 c6 2. Nf3 Nf6 3. Nc3 d5 4. e3 a6 5. d4 Bf5 6. Bd3 Bg6 7. O-O e6 8. b3 Bb4
9. Bb2 O-O 10. Bxg6 hxg6 11. Qe2 Bxc3 12. Bxc3 Ne4 13. Bb2 Nd7 14. Rfd1 Re8 15.
Ne1 Qh4 16. Nd3 f6 17. Rac1 Kf7 18. f3 Ng5 19. Qf2 Qxf2+ 20. Kxf2 Rac8 21. h4
Nh7 22. g4 g5 23. hxg5 Nxg5 24. Ba3 g6 25. Rh1 Kg7 26. Bd6 Nf7 27. Bg3 Rh8 28.
Rxh8 Rxh8 29. a4 Re8 30. cxd5 exd5 31. b4 Nb6 32. Nb2 Re6 33. Bc7 Na8 34. Bf4
Nb6 35. a5 Nc8 36. Nd3 Re7 37. Nc5 Ncd6 38. Re1 Nb5 39. Rd1 Nfd6 40. g5 Nf7 41.
gxf6+ Kxf6 42. Rh1 g5 43. Bg3 Kg6 44. Nd3 Re8 45. Rg1 Nbd6 46. Bxd6 Nxd6 47.
Ne5+ Kf5 48. Rh1 Re7 49. Rh8 Rg7 50. Kg3 Ke6 51. Ng4 Nf5+ 52. Kf2 Nd6 53. Rh6+
Ke7 54. Ke2 Kd7 55. Kd3 Ke7 56. e4 dxe4+ 57. fxe4 Nb5 58. Nf6 Kd8 59. Rh8+ Ke7
60. Ng4 Rf7 61. Ke3 Rf4 62. Ne5 Rf1 63. Rh7+ Ke6 64. Nd3 g4 65. Nc5+ Kf6 66.
e5+ Kg6 67. Rh8 Re1+ 68. Kf4 Nxd4 69. Rh4 g3 70. Rg4+ Kf7 71. Rxg3 Ne6+ 72.
Nxe6 Kxe6 73. Rg6+ Ke7 74. Kf5 Rf1+ 75. Ke4 Rd1 76. Rg7+ Ke6 77. Rxb7 Re1+ 78.
Kd4 Rxe5 79. Rb6 Kd6 80. Rxa6 Rd5+ 81. Kc4 Kc7 82. Ra7+ Kd6 83. Rh7 Rd1 84. a6
Ra1 85. a7 Ra2 86. Kd4 Ra1 87. Rb7 Ra2 88. Ke4 Ra1 89. Kf5 Ra2 90. Kf6 Rf2+ 91.
Kg7 Ra2 92. Kf7 Ra1 93. Ke8 Rh1 94. Rf7 Ra1 95. Kd8 1-0

[Event "Madrid ch Final 2019"]
[Site "Madrid ESP"]
[Date "2019.05.28"]
[Round "4.4"]
[White "Suarez Uriel, Adrian"]
[Black "Rojas Pozo, Jose Luis"]
[Result "1-0"]
[WhiteElo "2382"]
[BlackElo "1974"]
[PlyCount "99"]
[EventDate "2019.05.25"]
[EventType "swiss"]
[EventRounds "7"]
[EventCountry "ESP"]
[SourceTitle "Ajedrez en Madrid"]
[Source "lmi"]
[SourceDate "2019.05.25"]
[SourceVersion "1"]
[SourceVersionDate "2019.06.03"]
[SourceQuality "1"]

1. e4 e5 2. Nf3 Nc6 3. Bc4 Be7 4. d4 d6 5. O-O Nf6 6. dxe5 dxe5 7. Qe2 O-O 8.
Rd1 Qe8 9. c3 Bg4 10. h3 Bh5 11. Bg5 Nd7 12. Be3 Nc5 13. Nbd2 Bg6 14. Bd5 Nd7
15. Nc4 Bf6 16. Bxc6 bxc6 17. Qc2 Nb6 18. Na5 Qe6 19. Nd2 Be7 20. c4 f5 21. c5
f4 22. cxb6 fxe3 23. b7 exf2+ 24. Kf1 Rab8 25. Qxc6 Bd6 26. Ndc4 Be8 27. Qa6
Qg6 28. Nxd6 cxd6 29. Qd3 a6 30. a4 Bf7 31. Rac1 d5 32. exd5 Qb6 33. Qc3 e4 34.
Qc5 Qxb2 35. Rc2 Qe5 36. Rxf2 e3 37. Re1 Bxd5 38. Rxf8+ Rxf8+ 39. Kg1 e2 40.
Nc6 Rf1+ 41. Rxf1 exf1=Q+ 42. Kxf1 Qf4+ 43. Kg1 Bxc6 44. Qxc6 Qe3+ 45. Kh2 Qe5+
46. g3 Qb2+ 47. Qg2 Qb3 48. h4 h5 49. Qe4 Kf7 50. Qf4+ 1-0

[Event "Madrid ch Final 2019"]
[Site "Madrid ESP"]
[Date "2019.05.28"]
[Round "4.5"]
[White "Pastor Alonso De Prado, Alberto"]
[Black "Elissalt Cardenas, Hector"]
[Result "0-1"]
[WhiteElo "2094"]
[BlackElo "2287"]
[PlyCount "38"]
[EventDate "2019.05.25"]
[EventType "swiss"]
[EventRounds "7"]
[EventCountry "ESP"]
[SourceTitle "Ajedrez en Madrid"]
[Source "lmi"]
[SourceDate "2019.05.25"]
[SourceVersion "1"]
[SourceVersionDate "2019.06.03"]
[SourceQuality "1"]

1. e4 d6 2. d4 Nf6 3. f3 Nbd7 4. Be3 e5 5. c3 Be7 6. Ne2 O-O 7. Nd2 d5 8. Ng3
c5 9. dxc5 Bxc5 10. Bxc5 Nxc5 11. Nb3 Nxb3 12. Qxb3 dxe4 13. fxe4 Ng4 14. Be2
Ne3 15. Kf2 Qd2 16. h3 Be6 17. c4 f5 18. Rhe1 Nc2 19. Rad1 Qf4+ 0-1

[Event "Madrid ch Final 2019"]
[Site "Madrid ESP"]
[Date "2019.05.28"]
[Round "4.6"]
[White "Serrano Salvador, Eduardo"]
[Black "De La Puerta Cresis, Javier"]
[Result "1-0"]
[WhiteElo "2324"]
[BlackElo "2116"]
[PlyCount "151"]
[EventDate "2019.05.25"]
[EventType "swiss"]
[EventRounds "7"]
[EventCountry "ESP"]
[SourceTitle "Ajedrez en Madrid"]
[Source "lmi"]
[SourceDate "2019.05.25"]
[SourceVersion "1"]
[SourceVersionDate "2019.06.03"]
[SourceQuality "1"]

1. d4 Nc6 2. Nf3 d5 3. c4 Bg4 4. cxd5 Bxf3 5. gxf3 Qxd5 6. e3 e5 7. Nc3 Bb4 8.
Bd2 Bxc3 9. bxc3 Nf6 10. Rb1 exd4 11. cxd4 O-O 12. Bg2 Qxa2 13. f4 Rfe8 14. Qb3
Qxb3 15. Rxb3 Rab8 16. O-O Ne4 17. Bxe4 Rxe4 18. Rc1 Ree8 19. d5 Ne7 20. Rxc7
Nxd5 21. Rcxb7 Rxb7 22. Rxb7 Ra8 23. Ba5 g6 24. Kg2 Kg7 25. Kf3 Kf6 26. e4 Ne7
27. Rc7 a6 28. Bb4 Ng8 29. Bc3+ Ke6 30. f5+ gxf5 31. exf5+ Kxf5 32. Rxf7+ Kg6
33. Rg7+ Kh6 34. Rg4 Kh5 35. Rg7 h6 36. Kg3 Rc8 37. Bd4 Rd8 38. Be5 Re8 39. f4
Ne7 40. Rf7 a5 41. Bd6 Nc8 42. Bc5 Kg6 43. Rc7 Rd8 44. Kf3 Kf5 45. Be3 a4 46.
Rc5+ Kg6 47. Rc6+ Kg7 48. Ra6 Rd6 49. Rxa4 Kf6 50. Bc5 Rc6 51. Ra5 Nd6 52. Bxd6
Rxd6 53. Kg4 Kg6 54. h4 Rb6 55. h5+ Kf6 56. Ra7 Rb1 57. Ra6+ Kg7 58. Rg6+ Kh7
59. Rd6 Kg7 60. Kf5 Rb5+ 61. Ke6 Rxh5 62. f5 Rh1 63. Ke7 Re1+ 64. Re6 Rf1 65.
f6+ Kg6 66. Re2 Rxf6 67. Rg2+ Kf5 68. Rf2+ Kg5 69. Rxf6 h5 70. Ke6 h4 71. Ke5
Kg4 72. Ke4 Kg3 73. Ke3 h3 74. Rg6+ Kh2 75. Kf2 Kh1 76. Kg3 1-0

[Event "Madrid ch Final 2019"]
[Site "Madrid ESP"]
[Date "2019.05.28"]
[Round "4.7"]
[White "Perez Gonzalez, Jose Manuel"]
[Black "Perez Diez, Victor"]
[Result "1-0"]
[WhiteElo "2228"]
[BlackElo "2018"]
[PlyCount "315"]
[EventDate "2019.05.25"]
[EventType "swiss"]
[EventRounds "7"]
[EventCountry "ESP"]
[SourceTitle "Ajedrez en Madrid"]
[Source "lmi"]
[SourceDate "2019.05.25"]
[SourceVersion "1"]
[SourceVersionDate "2019.06.03"]
[SourceQuality "1"]

1. e4 e5 2. Bc4 Nf6 3. d4 exd4 4. Nf3 d5 5. exd5 Nxd5 6. O-O Be7 7. Qxd4 Be6 8.
Qxg7 Bf6 9. Qg3 Nd7 10. Re1 N7b6 11. Bb3 Qd7 12. Ne5 Bxe5 13. Qxe5 O-O-O 14.
Nc3 Bh3 15. Nxd5 Rhe8 16. Nxb6+ axb6 17. Bf4 Rxe5 18. Rxe5 Qd1+ 19. Re1 Qg4 20.
Bg3 Bxg2 21. Kxg2 f5 22. Re7 Rd6 23. h3 Qg5 24. Re8+ Kd7 25. Rg8 Rg6 26. Rd1+
Kc6 27. Rxg6+ Qxg6 28. Rd4 b5 29. a4 bxa4 30. Bxa4+ b5 31. Bb3 Qg7 32. c3 Kb6
33. Bc2 Qf6 34. Rf4 Qd6 35. Bxf5 Qd2 36. b4 Qxc3 37. Bxh7 c5 38. bxc5+ Kxc5 39.
Bg8 Qg7 40. Bb3 Qb2 41. Rf3 Qg7 42. Re3 Qb7+ 43. Kh2 Qg7 44. h4 Qg4 45. Be6 Qg7
46. h5 b4 47. Bb3 Qf6 48. Re4 Qg7 49. Rc4+ Kb5 50. Rh4 Qh6 51. Bf4 Qf6 52. Bg3
Qh6 53. Kh3 Qc1 54. Bd5 Qg5 55. Be6 Qc1 56. Kh2 Qh6 57. Bd7+ Kc5 58. Bf4 Qf6
59. Be3+ Kd6 60. Rd4+ Ke7 61. Bg4 Qe5+ 62. Kg2 b3 63. Rd7+ Ke8 64. Bd4 Qe4+ 65.
Kg3 Qc6 66. Bg7 Qh1 67. h6 b2 68. Bxb2 Qxh6 69. Rd3 Qb6 70. Ba3 Qc7+ 71. Bd6
Qg7 72. Bf4 Qg6 73. Rd6 Qg7 74. Kh3 Qc3+ 75. Kh4 Ke7 76. Rd7+ Ke8 77. Rc7 Qd4
78. Rc8+ Kf7 79. Kg3 Qd3+ 80. Be3 Qd6+ 81. Kg2 Qd5+ 82. Bf3 Qe5 83. Rc5 Qg7+
84. Rg5 Qf6 85. Be4 Ke7 86. Rd5 Qe6 87. f3 Qg8+ 88. Bg5+ Ke6 89. Kg3 Qb8+ 90.
Bf4 Qb4 91. Rd6+ Ke7 92. Rd1 Qb2 93. Bg5+ Kf8 94. Rb1 Qe5+ 95. Bf4 Qg7+ 96. Kf2
Qd4+ 97. Be3 Qd6 98. f4 Qa6 99. Kf3 Qd6 100. Rc1 Qd7 101. f5 Kg8 102. Bf4 Qb5
103. Bg5 Qb3+ 104. Kg4 Qa2 105. Rc8+ Kf7 106. Rc7+ Kg8 107. Rc2 Qa4 108. Re2
Qd1 109. Bf3 Qd4+ 110. Kg3 Qg1+ 111. Bg2 Qc5 112. Rf2 Kf7 113. Bf3 Qe5+ 114.
Kg2 Qg7 115. Bh5+ Kf8 116. Bg6 Qd4 117. Bf4 Kg7 118. Kg3 Qc3+ 119. Kg4 Qe1 120.
Rf3 Qe2 121. Be3 Qg2+ 122. Kf4 Qb2 123. Rf2 Qb4+ 124. Kg3 Qc3 125. Re2 Qe5+
126. Kf3 Qd5+ 127. Kf2 Qc4 128. Rd2 Qh4+ 129. Ke2 Qc4+ 130. Kf3 Qf1+ 131. Ke4
Qb1+ 132. Rd3 Qb7+ 133. Kf4 Qc7+ 134. Kg4 Qc4+ 135. Bd4+ Kg8 136. f6 Kf8 137.
Kf3 Qd5+ 138. Kf4 Qc4 139. Be4 Qc1+ 140. Kf5 Qf1+ 141. Ke5 Qc1 142. Rc3 Qg5+
143. Bf5 Qh5 144. Rc8+ Kf7 145. Rc7+ Ke8 146. f7+ Qxf7 147. Rxf7 Kxf7 148. Kd5
Ke7 149. Be5 Kf7 150. Kd6 Ke8 151. Ke6 Kd8 152. Be4 Ke8 153. Bc7 Kf8 154. Kf6
Ke8 155. Bc6+ Kf8 156. Bd6+ Kg8 157. Kg6 Kh8 158. Bb5 1-0

[Event "Madrid ch Final 2019"]
[Site "Madrid ESP"]
[Date "2019.05.28"]
[Round "4.8"]
[White "Rodriguez Melendez, Juan Humbert"]
[Black "Rios Rebollo, Victor"]
[Result "1/2-1/2"]
[WhiteElo "2212"]
[BlackElo "2007"]
[PlyCount "128"]
[EventDate "2019.05.25"]
[EventType "swiss"]
[EventRounds "7"]
[EventCountry "ESP"]
[SourceTitle "Ajedrez en Madrid"]
[Source "lmi"]
[SourceDate "2019.05.25"]
[SourceVersion "1"]
[SourceVersionDate "2019.06.03"]
[SourceQuality "1"]

1. d4 d5 2. c4 e6 3. g3 Nf6 4. Nf3 Be7 5. Bg2 O-O 6. O-O dxc4 7. Qc2 a6 8. a4
Bd7 9. Qxc4 Bc6 10. Bf4 a5 11. Nc3 Na6 12. Rac1 Nb4 13. Ne5 Bxg2 14. Kxg2 c6
15. e4 Ra6 16. Rfd1 h6 17. Be3 Qb8 18. Qe2 Rd8 19. Ng4 Nxg4 20. Qxg4 Kf8 21.
Qh5 Qd6 22. Rd2 Raa8 23. Rcd1 Qc7 24. Ne2 Bf6 25. Qf3 Be7 26. Nf4 Kg8 27. Nh5
Bf8 28. h4 Rd7 29. Qg4 Kh8 30. Bf4 Qd8 31. Be5 f6 32. Bf4 Qe7 33. Be3 Qf7 34.
Nf4 f5 35. Qf3 Rad8 36. h5 Kh7 37. Ng6 fxe4 38. Qxe4 Qf5 39. Qf3 Bd6 40. g4
Qxf3+ 41. Kxf3 Nd5 42. Ke2 Nb6 43. b3 Bb4 44. Rd3 Nd5 45. Bd2 Bxd2 46. R1xd2
Nf6 47. f3 Nd5 48. Rd1 Rf7 49. Kf2 Nf4 50. Nxf4 Rxf4 51. Kg3 Rf7 52. Re1 Rfd7
53. Rxe6 Rxd4 54. Rde3 Kg8 55. Re7 R4d7 56. R3e5 b6 57. R5e6 Rxe7 58. Rxe7 Rd3
59. Rc7 c5 60. Rc8+ Kf7 61. Rc7+ Kf8 62. Rc8+ Kf7 63. Rc7+ Kg8 64. Rc8+ Kf7
1/2-1/2

[Event "Madrid ch Final 2019"]
[Site "Madrid ESP"]
[Date "2019.05.28"]
[Round "4.9"]
[White "Mkrtchyan, Levon"]
[Black "Gonzalez Rivera, Eduardo"]
[Result "1-0"]
[WhiteElo "2168"]
[BlackElo "1998"]
[PlyCount "57"]
[EventDate "2019.05.25"]
[EventType "swiss"]
[EventRounds "7"]
[EventCountry "ESP"]
[SourceTitle "Ajedrez en Madrid"]
[Source "lmi"]
[SourceDate "2019.05.25"]
[SourceVersion "1"]
[SourceVersionDate "2019.06.03"]
[SourceQuality "1"]

1. e4 e5 2. Nf3 Nc6 3. Bc4 Nf6 4. d3 Bc5 5. c3 d6 6. Nbd2 Bb6 7. Bb3 Ne7 8. O-O
c6 9. d4 Ng6 10. Re1 O-O 11. Nc4 Bc7 12. Bc2 Re8 13. a4 Bg4 14. Ne3 Qc8 15. h3
Bxh3 16. gxh3 Qxh3 17. Ng5 Qd7 18. Nf5 d5 19. dxe5 Nxe5 20. f4 dxe4 21. fxe5
Qxf5 22. exf6 Bb6+ 23. Kh1 gxf6 24. Rf1 Qg6 25. Nxe4 Rxe4 26. Bxe4 Qxe4+ 27.
Qf3 Qh4+ 28. Kg2 Bc7 29. Bf4 1-0

[Event "Madrid ch Final 2019"]
[Site "Madrid ESP"]
[Date "2019.05.28"]
[Round "4.10"]
[White "Cabañas Bravo, Juan Andres"]
[Black "Nieto De La Cruz, Julio"]
[Result "1-0"]
[WhiteElo "2010"]
[BlackElo "2168"]
[PlyCount "63"]
[EventDate "2019.05.25"]
[EventType "swiss"]
[EventRounds "7"]
[EventCountry "ESP"]
[SourceTitle "Ajedrez en Madrid"]
[Source "lmi"]
[SourceDate "2019.05.25"]
[SourceVersion "1"]
[SourceVersionDate "2019.06.03"]
[SourceQuality "1"]

1. e4 c5 2. Nf3 d6 3. d4 Nf6 4. Nc3 cxd4 5. Nxd4 g6 6. Be3 Bg7 7. f3 a6 8. Qd2
b5 9. h4 h5 10. Be2 Bb7 11. a4 bxa4 12. Rxa4 Nbd7 13. O-O Nc5 14. Ra3 O-O 15.
Rfa1 Qc8 16. Na4 Nxa4 17. Rxa4 e5 18. Nb3 d5 19. exd5 Nxd5 20. Bg5 Nf4 21. Bc4
Nxg2 22. Qxg2 e4 23. fxe4 Bxb2 24. Rf1 Qc6 25. Rb4 Bc3 26. Bd5 Bxb4 27. Bxc6
Bxc6 28. Rf6 Rfc8 29. Bh6 Be8 30. Rb6 a5 31. e5 Bc3 32. Qg5 1-0

[Event "Madrid ch Final 2019"]
[Site "Madrid ESP"]
[Date "2019.05.28"]
[Round "4.11"]
[White "Iagar, Razvan-Gabriel"]
[Black "Estevez Sacristan, Deva"]
[Result "1/2-1/2"]
[WhiteElo "2104"]
[BlackElo "1999"]
[PlyCount "85"]
[EventDate "2019.05.25"]
[EventType "swiss"]
[EventRounds "7"]
[EventCountry "ESP"]
[SourceTitle "Ajedrez en Madrid"]
[Source "lmi"]
[SourceDate "2019.05.25"]
[SourceVersion "1"]
[SourceVersionDate "2019.06.03"]
[SourceQuality "1"]

1. d4 f5 2. Nf3 Nf6 3. g3 g6 4. Bg2 Bg7 5. O-O O-O 6. c4 d6 7. Nc3 Nc6 8. b3 e5
9. dxe5 dxe5 10. Ba3 Re8 11. Qxd8 Rxd8 12. e4 Nd4 13. Rad1 Nxe4 14. Nxe4 fxe4
15. Nxd4 exd4 16. Bxe4 c6 17. Rd3 Re8 18. f3 Bf5 19. Bxf5 gxf5 20. Bc5 Red8 21.
Rfd1 Rd7 22. R3d2 Rad8 23. Bxa7 d3 24. Bb6 Bd4+ 25. Bxd4 Rxd4 26. Kf2 R4d6 27.
Re1 Kf7 28. Red1 Kf6 29. f4 h5 30. h4 Rd4 31. Re1 Re4 32. Re3 Red4 33. Ke1 Re4
34. Kf2 Red4 35. Rf3 b5 36. cxb5 cxb5 37. Re3 b4 38. Kf3 Kf7 39. Re5 Kf6 40.
Rc5 R4d6 41. Rc4 Rb8 42. Rc5 Rbd8 43. Rc4 1/2-1/2

[Event "Madrid ch Final 2019"]
[Site "Madrid ESP"]
[Date "2019.05.28"]
[Round "4.12"]
[White "Bello Burguet, Glenier Lazaro"]
[Black "Pindado Campos, Raul"]
[Result "1/2-1/2"]
[WhiteElo "1961"]
[BlackElo "2089"]
[PlyCount "84"]
[EventDate "2019.05.25"]
[EventType "swiss"]
[EventRounds "7"]
[EventCountry "ESP"]
[SourceTitle "Ajedrez en Madrid"]
[Source "lmi"]
[SourceDate "2019.05.25"]
[SourceVersion "1"]
[SourceVersionDate "2019.06.03"]
[SourceQuality "1"]

1. d4 Nf6 2. Nf3 e6 3. c4 d5 4. Nc3 Be7 5. Bg5 h6 6. Bh4 Nbd7 7. e3 c6 8. Bd3
dxc4 9. Bxc4 b5 10. Bd3 a6 11. O-O Bb7 12. Rc1 c5 13. Qe2 O-O 14. Rfd1 cxd4 15.
Nxd4 Qb6 16. Bb1 Rfe8 17. Bg3 Rac8 18. h3 Nc5 19. a3 Ba8 20. b4 Nce4 21. Nxe4
Nxe4 22. Qd3 g6 23. Bh2 Bf6 24. f3 Bxd4 25. exd4 Nd6 26. Bxd6 Qxd6 27. Qe3 Kh7
28. Qe5 Qd7 29. Rc5 Red8 30. Be4 Rxc5 31. bxc5 a5 32. h4 b4 33. axb4 axb4 34.
h5 b3 35. Qf6 Bxe4 36. fxe4 b2 37. c6 Qc7 38. hxg6+ fxg6 39. Rb1 Rd6 40. Rxb2
Rxc6 41. e5 Qd7 42. Rf2 Rc7 1/2-1/2